LEADER 01008nam a2200193 4500 001 000000362824 003 CaOOAMICUS 005 20250516102956.0 008 250516s1912 fr 000 u fre r 040 $aSeMil$bita 245 00$aExhortation à la vie intérieure, allocution adressée par Monseigneur l'Archevêque au Clergé de Rouen, dans la chapelle du Grand Séminaire, le 21 novembre 1912. 264 1$aRouen :$bImprimerie de la Vicomté,$c1912. 300 $a12 p. ;$c28 cm 700 1 $aFuzet, Frédéric .$0(OLS)http://semarc/name/68060 850 $aSeMil 852 $aSeMil$W1$xVenegono$y1$m5A VIII 10/44$j257017$B253721$CSeMilBibl$Z2$F253721 $86 996 $6245$aExhortation à la vie intérieure, allocution adressée par Monseigneur l'Archevêque au Clergé de Rouen, dans la chapelle du Grand Séminaire, le 21 novembre 1912$9(OLS)http://semarc/title/453806 996 $6264$aRouen :$bImprimerie de la Vicomté$9(OLS)http://semarc/publisher/62357 LEADER 01132nam a2200241 i 4500 001 000000228437 003 CaOOAMICUS 005 20140327000000.0 008 140327s2012 it u000 u ita u 013 $a207339 020 $a978-88-209-8631-5 040 $aSeMil$bita 100 1 $aGori, Nicola,$d<1965- >.$0(OLS)http://semarc/name/13777 245 13$aUn canto d'amore al Volto Santo :$bbiografia della beata Maria Pierina De Micheli : (1890-1945) /$cNicola Gori. 260 $aCittà del Vaticano :$bLibreria Editrice Vaticana,$c2012. 300 $a58 p. :$bill. ;$c20 cm. 600 14$aDe Micheli, Maria Pierina .$0(OLS)http://semarc/subject/17045 850 $aSeMil 852 $aSeMil$W1$xVenegono$y1$m3H V 183$j178783$B178783$CSeMilBibl$Z2$F190059 $81 961 $aOmaggio: Scola Card. Angelo 996 $6020$a978-88-209-8631-5$9(OLS)http://semarc/number/230509 996 $6245$aUn canto d'amore al Volto Santo :$bbiografia della beata Maria Pierina De Micheli : (1890-1945)$9(OLS)http://semarc/title/327001 996 $6260$aCittà del Vaticano :$bLibreria Editrice Vaticana$9(OLS)http://semarc/publisher/29734 LEADER 01113nam a2200265 i 4500 001 000000108438 003 CaOOAMICUS 005 20161017000000.0 008 161017s2005 it u000 u ita u 013 $a81095 020 $a88-514-0308-2 040 $aSeMil$bita 100 1 $aZanchi, Giuliano,$c.$0(OLS)http://semarc/name/92399 245 10$aNella luce dell'essere :$bconversazioni sul «caso Van Gogh» /$cGiuliano Zanchi. 260 $aMilano :$bÀncora,$c2005. 300 $a125 p. :$bill. ;$c21 cm. 490 0 $aTra arte e teologia 600 14$aVan Gogh, Vincent <1853-1890>.$0(OLS)http://semarc/subject/5316 830 0$aTra arte e teologia.$0(OLS)http://semarc/title/10624 850 $aSeMil 852 $aSeMil$W1$xVenegono$y1$m5R I 185$j64534$B64534$CSeMilBibl$Z2$F214812 $81 961 $aOmaggio: Conti don Ermenegildo 996 $6020$a88-514-0308-2$9(OLS)http://semarc/number/89377 996 $6245$aNella luce dell'essere :$bconversazioni sul «caso Van Gogh»$9(OLS)http://semarc/title/157264 996 $6260$aMilano :$bÀncora$9(OLS)http://semarc/publisher/29763